7° básico Matemática. Texto del estudiante.

সংরক্ষণ করুন:
গ্রন্থ-পঞ্জীর বিবরন
প্রধান লেখক: Iturra Quijada, Fabiola (autora)
অন্যান্য লেখক: Monosalva Iturriaga, Catalina (autora), Ramírez Aguiar, Madelaine (autora), Romero Durán, David (autor)
বিন্যাস: গ্রন্থ
প্রকাশিত: Santiago, Chile: SM, 2019.
বিষয়গুলি:
ট্যাগগুলো: ট্যাগ যুক্ত করুন
কোনো ট্যাগ নেই, প্রথমজন হিসাবে ট্যাগ করুন!

MARC

LEADER 00000nam a22000007a 4500
003 CL-VaPUC
005 20240705074039.0
008 220816t2021 ||||| |||| 00| 0 eng d
999 |c 438328  |d 438326 
040 |c Pontificia Universidad Católica de Valparaíso 
082 7 |a 372.7 ITU 2021  |2 22 
100 |a Iturra Quijada, Fabiola  |e autora  |9 875570 
245 |a  7° básico Matemática.  |b Texto del estudiante.  
260 |a Santiago, Chile:  |b SM,   |c 2019. 
300 |a 256 páginas. 
583 |c 20220711  |k Cristina María Rojas Aguilar 
650 0 |a Matemáticas  |x Enseñanza  |9 875527 
650 |a Educación básica   |x Matemáticas   |9 875528 
700 |a Monosalva Iturriaga, Catalina  |e autora  |9 875571 
700 |a Ramírez Aguiar, Madelaine  |e autora  |9 875572 
700 |a Romero Durán, David  |e autor  |9 875573 
942 |2 ddc  |c BK  |n 1 
952 |0 0  |1 0  |2 ddc  |4 0  |6 372_700000000000000_ITU_2021  |7 0  |8 A  |9 586230  |a BIBMAT  |b BIBMAT  |c E_DIDACT  |d 2022-08-16  |i 5654185  |o 372.7 ITU 2021  |p 5654185  |r 2025-01-07  |t 1  |w 2022-08-16  |y BK  |k MAT